000 00415nam a2200181 4500
005 20251204152636.0
008 cu7
020 _a9780030244018
050 _aHF 1416 CZI
100 _aMICHAEL R. CZINKOTA
245 _aINTERNATIONAL MARKETING
250 _a5TH ED.
260 _aTORONTO
_bTHE DRYDEN PRESS
_c1998
300 _aXXIX,858p.
500 _aINDEX
700 _aILKKA A. RONKAINEN
942 _2lcc
_cBK
_n0
999 _c8502
_d8502